| 000 | 00533nam a2200217Ia 4500 | ||
|---|---|---|---|
| 008 | 210210b2015 xxu||||| |||| 00| 0 eng d | ||
| 020 | _a9789339219871 | ||
| 041 | _aeng | ||
| 082 | _a576 ATLP | ||
| 100 | _aATLAS (Ronald M) | ||
| 245 | _aPrinciples of microbiology Ed 2 | ||
| 250 | _a | ||
| 260 |
_aNew Delhi _bMcGraw Hill Education (India) Private Limited _c2015 |
||
| 300 | _axxix,,1298 | ||
| 650 | _aPrinciples | ||
| 650 | _amicrobiology | ||
| 650 | _aEd | ||
| 650 | _a2 | ||
| 690 | _aMicrobiology | ||
| 906 | _a072767 | ||
| 999 |
_c122584 _d122584 |
||